000 00609nam a2200169 a 4500
001 000027524
005 20240313135919.0
008 110401s1979 dr 000 0 spa d
040 _aDO-SdBNP
_bspa
_cBNPHU
082 _axxxx
_bM516a
100 1 _a Mejía-Ricart G., Marcio,
_d1933-
_q(Mejía-Ricart Guzmán), |
_98411
245 1 0 _aUn acuerdo político para el cambio social dominicano :
_bPR, PRD, PLD /
_cMarcio Mejía-Ricart.
260 _aSanto Domingo :
_bAlfa y Omega,
_c1979.
300 _a60 p. ;
_c20 cm.
500 _aTrabajo presentado en el tercer Congreso Dominicano de sociología
049 _aBNPD
999 _c27016
_d27016